Flagi sąsiadów Polski - nagła śmierć - Statystyki

Ogólne statystyki
  • Ten quiz został rozwiązany 407 razy
  • Średni wynik to 6 z 7
Answers on the Grid
Answers color-coded by a green-red scale on the quiz's grid according to % correct below.
 
Statystyki odpowiedzi
Odpowiedź % Poprawnych
Czechy
90%
Ukraina
82%
Niemcy
82%
Białoruś
80%
Rosja
80%
Słowacja
77%
Litwa
70%
Nie znaleziono quizów pasujących do podanych kryteriów
Rozkład punktacji
Procent ludzi z każdym wynikiem
Percentyl według liczby udzielonych odpowiedzi
Twoja historia wyników
Nie rozwiązałeś tego quizu